|
|
|
|
| LEADER |
00727nab a2200181 i 4500 |
| 001 |
misc44916 |
| 005 |
20191106141119.0 |
| 008 |
181011s1995 hu o 0|| zxx d |
| 022 |
|
|
|a 1215-5233
|
| 040 |
|
|
|a SZTE Miscellanea Repozitórium
|b hun
|
| 041 |
|
|
|a zxx
|
| 100 |
1 |
|
|a Szegál Borisz
|
| 245 |
1 |
2 |
|a A cigány gyermekek oktatásának fejlesztése a nemzetközi összehasonlítás tükrében
|h [elektronikus dokumentum] /
|c Szegál Borisz
|
| 260 |
|
|
|c 1995
|
| 300 |
|
|
|a 85-88
|
| 490 |
0 |
|
|a Iskolakultúra
|v 5 No. 24
|
| 695 |
|
|
|a Oktatásügy - Magyarország - 20. sz., Oktatásügy - cigányok, Oktatás - cigányoké - Magyarország
|
| 856 |
4 |
0 |
|u http://misc.bibl.u-szeged.hu/44916/1/iskolakultura_1995_024_085-088.pdf
|z Dokumentum-elérés
|